000 00481nam a22001577a 4500
003 OSt
005 20250903185140.0
008 250820b |||||||| |||| 00| 0 eng d
040 _cSVYASA
100 _aRutuja Mohan kachare
_91107
245 _aEffect of mind sound resonance technique (MSRT) on relaxation among shotokan karate players.
260 _aBangaluru
_bSvyasa
_c2025
300 _a43 p.
856 _uhttps://elibraryofyoga.com/handle/123456789/2490
942 _2ddc
_cD
_n0
999 _c20700
_d20700